The Fantasy trip. Wizard /

Bibliographic Details
Main Author: Jackson, Steve, 1953-
Other Authors: Moore, Brandon (Artist/Illustrator) (Illustrator), Hershey, Rick (Illustrator), Danforth, Liz (Illustrator)
Format: Physical Object
Language:English
Published: Austin, TX : Steve Jackson Games, 2019.
Edition:3rd edition.
Subjects:

MARC

Tag First Indicator Second Indicator Subfields
LEADER 00000crm a2200000 i 4500
001 in00005651913
008 250725s2019 txu gneng d
005 20250725172610.6
035 |a (OCoLC)on1528904136 
040 |a TXA  |b eng  |e rda  |c TXA  |d TXA 
024 1 |a 080742099579 
028 0 2 |a SJG3453  |b Steve Jackson Games 
028 0 2 |a SJG3453A  |b Steve Jackson Games  |q counter set 
035 |a (OCoLC)1528904136 
050 4 |a GV1469.63  |b .J362 2019 
100 1 |a Jackson, Steve,  |d 1953-  |1 https://id.oclc.org/worldcat/entity/E39PBJxd4hKqcwDgtqtcvdMtrq 
245 1 4 |a The Fantasy trip.  |p Wizard /  |c game design by Steve Jackson ; cover by Brandon Moore ; illustrations by Rick Hershey ; counters by Liz Danforth. 
246 3 0 |a Wizard 
250 |a 3rd edition. 
264 1 |a Austin, TX :  |b Steve Jackson Games,  |c 2019. 
300 |a 1 game (1 rule book, 1 reference pages, 1 game map, 62 counters, 3 dice) :  |b color ;  |c in box 20 x 13 x 3 cm 
336 |a three-dimensional form  |b tdf  |2 rdacontent 
337 |a unmediated  |b n  |2 rdamedia 
338 |a object  |b nr  |2 rdacarrier 
650 0 |a Fantasy games. 
655 7 |a Role-playing games.  |2 lcgft 
700 1 |a Moore, Brandon  |c (Artist/Illustrator),  |e illustrator. 
700 1 |a Hershey, Rick,  |e illustrator. 
700 1 |a Danforth, Liz,  |e illustrator. 
994 |a Z0  |b TXA 
948 |h HELD BY TXA - 0 OTHER HOLDINGS 
999 f f |s 511d74a7-8c1e-4779-bc89-cf06d0093aed  |i 1dc08eea-5ad9-4766-adb1-dbd012ac6f7c  |t 0 
952 f f |p noncirc  |a Texas A&M University  |b College Station  |c Cushing Memorial Library & Archives  |d Cushing: Science Fiction (Does not check out)  |t 0  |e GV1469.63 .J362 2019  |h Library of Congress classification  |i unmediated -- volume  |m A1485346397H 
998 f f |a GV1469.63 .J362 2019  |t 0  |l Cushing: Science Fiction (Does not check out)